000 00447nam a2200157Ia 4500
008 240729s9999 xx 000 0 und d
022 _a2455-0094
245 0 _aJournal of Forensic Science and Medicine
260 _aIndia
260 _bWolters Kluwer Medknow Publications
650 _a Public aspects of medicine
650 _aMedicine
856 _uhttps://doaj.org/toc/9faa26dac510459e93bacbf1bf643be6
942 _2ddc
942 _cDOAJEJ
999 _c71544
_d71544
945 _a1
_bMadushi Gamage
_c1
_dMadushi Gamage